European royals - Statistics

General Stats
  • This quiz has been taken 413 times
    280 since last reset
  • The average score is 18 of 34
Answer Stats
Hint Monarch % Correct
United Kingdom King Charles III
95%
United Kingdom Prince William, Prince of Wales
90%
United Kingdom Camilla, Queen of the United Kingdom
88%
United Kingdom Catherine, Princess of Wales
84%
Spain King Felipe VI
73%
Monaco Albert II, Prince of Monaco
72%
Sweden Crown Princess Victoria
68%
Denmark Crown Princess Mary
63%
Spain Leonor, Princess of Asturias
63%
Spain Queen Letizia
61%
Norway King Harald V
60%
Denmark Crown Prince Frederik
58%
Norway Crown Prince Haakon
58%
Netherlands Queen Máxima
58%
Belgium King Philippe
57%
Denmark Queen Margrethe II
57%
Monaco Charlene, Princess of Monaco
55%
Sweden Prince Daniel, Duke of Västergötland
55%
Sweden King Carl XVI Gustaf
54%
Netherlands King Willem-Alexander
54%
Belgium Princess Elisabeth, Duchess of Brabant
52%
Sweden Queen Silvia
50%
Luxemburg Henri, Grand Duke of Luxembourg
49%
Norway Queen Sonja
49%
Norway Crown Princess Mette-Marit
44%
Monaco Jacques, Hereditary Prince of Monaco
41%
Belgium Queen Mathilde
40%
Netherlands Catharina-Amalia, Princess of Orange
37%
Liechtenstein Hans-Adam II, Prince of Liechtenstein
33%
Luxemburg Stéphanie, Hereditary Grand Duchess of Luxembourg
23%
Liechtenstein Sophie, Hereditary Princess of Liechtenstein
22%
Liechtenstein Alois, Hereditary Prince of Liechtenstein
21%
Luxemburg Guillaume, Hereditary Grand Duke of Luxembourg
21%
Luxemburg Maria Teresa, Grand Duchess of Luxembourg
19%
No matching quizzes found
Score Distribution
Percent of People with Each Score
Percentile by Number Answered
Your Score History
You have not taken this quiz since the last reset